000 00669nam a2200229 a 4500
001 000009168
003 DO-SdBNP
005 20240412074310.0
007 ta
008 090928s2013 dr r 000 0 spa d
020 _a9789945475753
040 _aDO-SdBNP
_bspa
_cBNPHU
082 _axxx
_bP579t
_222
100 _aPiña Objío, Leandro
_982696
245 0 0 _aTres susurros y una sarta de sentimientos :
_blos enigmas de las emociones /
_cLeandro Piña Objío
260 _aSanto Domingo :
_bEdiciones Rumbo Este,
_c2013.
300 _a96 p. ;
_c24 cm.
590 _aInventariado, 2013
650 0 _aLiteratura dominicana.
_967
910 _aDG
942 _2ddc
_cLBS1
999 _c52784
_d52784